| 000 | 00900cam a2200265 a 4500 | ||
|---|---|---|---|
| 001 | 3925650 | ||
| 005 | 20240221044241.0 | ||
| 008 | 930112s1992 enk b 000 0 eng | ||
| 020 | _a0803987773 (cased) | ||
| 020 | _a0803987811 (pbk.) : | ||
| 040 |
_aDLC _cDLC _dDLC |
||
| 082 | 0 | 0 |
_a322. _220 _bEMA. |
| 245 | 0 | 0 |
_aEmancipations, modern and postmodern / _cedited by Jan Nederveen Pieterse. |
| 260 |
_aLondon ; _aNewbury Park, Calif. : _bSage, _c1992. |
||
| 300 | _a324 p. ; | ||
| 500 | _aOriginally published in volume 23, issue 3 of Development and change. | ||
| 650 | 0 | _aSocial change. | |
| 650 | 0 | _aSocial movements. | |
| 650 | 0 | _aLiberty. | |
| 650 | 0 | _aPolitical participation. | |
| 700 | 2 |
_aNederveen Pieterse, Jan. _eedt |
|
| 856 | 4 | 2 | _uhttp://www.loc.gov/catdir/enhancements/fy0656/92050450-d.html |
| 856 | 4 | 1 | _uhttp://www.loc.gov/catdir/enhancements/fy0656/92050450-t.html |
| 942 | _cL | ||
| 999 |
_c453 _d453 |
||